000 00652nam a2200157 4500
999 _c16072
_d16072
008 210408b ||||| |||| 00| 0 eng d
022 _a0732-8435
082 _aDPer 657.05 C33 Sept-Dec 2011 v. 81 n. 9-12
100 _aSchultz, Thomas D.
_943033
245 _aIncentives for businesses to go green:
_bunderstanding the tax consequences of environmental capital expenditures/
_cThomas D. Schultz and Dan L. Heitger.
260 _aNew York:
_bThe New York State Society of CPA,
_c©2011.
300 _av81 n11, pages 44-49:
_bcolor illustrations;
_c28 cm.
650 _aTaxation.
_943073
700 _aHeitger, D. L.
_eAuthor.
_943074
942 _2ddc
_cPER